Essentials of organizational behavior (Record no. 60701)
[ view plain ]
| 000 -LEADER | |
|---|---|
| fixed length control field | 00555nam a2200229Ia 4500 |
| 003 - CONTROL NUMBER IDENTIFIER | |
| control field | 0100 |
| 008 - FIXED-LENGTH DATA ELEMENTS--GENERAL INFORMATION | |
| fixed length control field | 130303s9999 xx 000 0 und d |
| 020 ## - INTERNATIONAL STANDARD BOOK NUMBER | |
| International Standard Book Number | 0130835722 |
| 040 ## - CATALOGING SOURCE | |
| Transcribing agency | ARRUPELIB |
| 050 ## - LIBRARY OF CONGRESS CALL NUMBER | |
| Classification number | HD58.7.R6 2000 |
| 300 ## - PHYSICAL DESCRIPTION | |
| Other physical details | 24cm |
| 100 ## - MAIN ENTRY--PERSONAL NAME | |
| Personal name | Robbins, Stephen P. |
| 245 ## - TITLE STATEMENT | |
| Title | Essentials of organizational behavior |
| 250 ## - EDITION STATEMENT | |
| Edition statement | 6th ed. |
| 260 ## - PUBLICATION, DISTRIBUTION, ETC. (IMPRINT) | |
| Place of publication, distribution, etc | New Jersey |
| 260 ## - PUBLICATION, DISTRIBUTION, ETC. (IMPRINT) | |
| Name of publisher, distributor, etc | Prentice Hall |
| 260 ## - PUBLICATION, DISTRIBUTION, ETC. (IMPRINT) | |
| -- | 2000 |
| 300 ## - PHYSICAL DESCRIPTION | |
| Extent | 303p. |
| 650 ## - SUBJECT ADDED ENTRY--TOPICAL TERM | |
| Topical term following geographic name as entry element | Ethnology--Methodology |
| 650 ## - SUBJECT ADDED ENTRY--TOPICAL TERM | |
| Location of event | Social sciences--Methodology |
| 942 ## - ADDED ENTRY ELEMENTS (KOHA) | |
| Source of classification or shelving scheme | Library of Congress Classification |
| Koha issues (borrowed), all copies | 5 |
| Withdrawn status | Lost status | Source of classification or shelving scheme | Damaged status | Not for loan | Collection code | Home library | Current library | Shelving location | Date acquired | Total Checkouts | Full call number | Barcode | Date last seen | Date checked out | Copy number | Price effective from | Koha item type |
|---|---|---|---|---|---|---|---|---|---|---|---|---|---|---|---|---|---|
| Library of Congress Classification | Main Collection | ARRUPE LIBRARY | ARRUPE LIBRARY | 05/03/2013 | 9 | HD58.7.R6 2000 | 46003092617 | 26/10/2023 | 06/10/2023 | 1 | 05/03/2013 | Monograph ( Printed materials) |